Caillou : (Registro nro. 9916)
[ vista simple ]
| 000 -CABECERA | |
|---|---|
| Longitud fija campo de control | 00856nam a2200253 a 4500 |
| 003 - • IDENTIFICADOR DELl NÚMERO DE CONTROL | |
| Identificador del número de control | CO-ViMGA |
| 008 - • CÓDIGOS DE INFORMACIÓN DE LONGITUD FIJA | |
| Códigos de información de longitud fija | 141112s2004 ck r 000 u spa d |
| 020 ## - • NÚMERO INTERNACIONAL NORMALIZADO PARA LIBROS | |
| Número Internacional Normalizado para Libros (ISBN) | 9789588624679 |
| 040 ## - FUENTE DE LA CATALOGACIÓN | |
| Centro catalogador de origen | CO-ViMGA |
| Lengua de catalogación | spa |
| Centro transcriptor | CO-ViMGA |
| 041 ## - • CÓDIGO DE LENGUA | |
| Código de lengua del texto/banda sonora o título independiente | spa |
| 082 04 - • NÚMERO DE LA CLASIFICACIÓN DECIMAL DEWEY | |
| Número de clasificación (R) | I 423 D31 |
| 245 10 - • TITULO PROPIAMENTE DICHO | |
| Título | Caillou : |
| Resto del título | my first dictionary : |
| -- | my house = Caillou : |
| -- | mi primer diccionario : |
| -- | mi casa |
| 250 ## - • MENCIÓN DE EDICIÓN | |
| Mención de edición | 1a. ed. |
| 256 ## - CARACTERÍSTICAS DEL ARCHIVO DE ORDENADOR | |
| Características del archivo de ordenador | Subtítulo de la cubierta : my house - mi casa |
| 300 ## - • DESCRIPCIÓN FÍSICA | |
| Extensión | [16] : il. ; 21 cm |
| 521 ## - • NOTA DE PÚBLICO DESTINATARIO | |
| Nota público destinatario (R ) | Para niños de dos años en adelante |
| 650 14 - • PUNTO DE ACCESO ADICIONAL DE MATERIA - TÉRMINO DE MATERIA | |
| Término de materia o nombre geográfico como elemento inicial | Inglés - Diccionarios infantiles |
| 917 ## - | |
| -- | 2013 - 9810 2 ejemplares |
| 942 ## - ENTRADA DE ELEMENTOS AGREGADOS (KOHA) | |
| Fuente de clasificaión o esquema | Dewey Decimal Classification |
| Koha [por defecto] tipo de item | LIbro |
| 990 ## - EQUIVALENCIA O SECCIÓN-REFERENCIA [LOCAL, CANADA] | |
| Enlace de información para campos 9XX | 2013 - 9810 Random House Mondadori 2 ejemplares 21 28/10/2013 a860917 23/10/2013 23/10/2013 |
| Perdido | Fuente de clasificación o esquema | Estado Físico | No para préstamo | Forma de adquisición | Localización permanente | Localización actual | Fecha adquisición | Serie de enumeración / cronolog&íacute;a | Préstamos totales | Signatura completa | Código de barras | Fecha última consulta | Número de copia | Fecha del precio de reemplazo | Tipo de item de Koha |
|---|---|---|---|---|---|---|---|---|---|---|---|---|---|---|---|
| Dewey Decimal Classification | Sala General | Estacion de Lectura Apiay - Villavicencio | Estacion de Lectura Apiay - Villavicencio | 12/04/2015 | 29/dic/2014 | I 423 D31 | 28001 | 12/04/2015 | Ej. 1 | 12/04/2015 | LIbro |